Statistics for Chess openings

Click here to take the quiz!

General Stats

  • This quiz has been taken 519 times
  • The average score is 7 of 10

Answer Stats

HintAnswer% Correct
1. d4 d5 2. c4Queen's Gambit
90%
1. e4 c5Sicilian Defence
87%
1 e4 e6French Defence
82%
1. e4 e5 2. f4King's Gambit
80%
1, e4 e5 2. Nf3 Nc6 3. Bb5Ruy Lopez
79%
1 c4English Opening
75%
1. e4 d5Scandinavian Defence
72%
1 d4 f5Dutch Defence
61%
1, d4 Nf6 2. c4 g6 3. Nc3 Bg7 4. e4 d6King's Indian Defence
55%
1. e4 e5 2. Nf3 Nc6 3. Bc4 Bc5 4.b4Evans Gambit
43%

Score Distribution

Percentile by Number Answered

Percent of People with Each Score

Your Score History

You have not taken this quiz